000 00913nam a2200217 a 4500
001 000619936
003 AM-YEHGA
005 20250618080150.0
008 081215s1847 ii |||||||||||||||0|arm|d
040 _aAM-YeHGA
041 0 _aarm
245 0 0 _aՎկայաբանութիւն Սրբոյն Սանդխտոյ :
_bԻ պէտս աշակերտաց Սուրբ Սանդուխտ դպրոցի /
260 _aԿալկաթա :
_bտպ. Արարատեան ընկերութեան,
_c1847.
300 _a10 էջ ;
_c17 սմ.
500 _aՇարվ.՝ 6,2 x 12 սմ
500 _aԳրքույկում հեղինակի անունը չկա : Բանասիրական աղբյուրներից հայտնի է, որ Մեսրոպ Թաղիադյանի աշխատությունն է :
650 1 4 _aՀայոց եկեղեցի
650 1 4 _aՀայ եկեղեցու գործիչներ
_94735
942 _2udc
_cBK
090 _c570004
999 _c531244
_d531244